[Event "57th World Juniors 2018"]
[Site "Manavgat TUR"]
[Date "2018.09.05"]
[Round "1.24"]
[White "Santos Ruiz, Miguel"]
[Black "Pang, Tao"]
[Result "1-0"]
[WhiteTitle "GM"]
[WhiteElo "2524"]
[BlackElo "2290"]
[WhiteFideId "22291482"]
[BlackFideId "8609950"]
[EventDate "2018.09.05"]

1. d4 d5 2. c4 e6 3. Nc3 Nf6 4. cxd5 exd5 5. Bg5 Be7 6. e3 c6 7. Bd3 Nbd7 8. h3
O-O 9. Bf4 Re8 10. Nf3 Nf8 11. Qc2 Ng6 12. Bh2 Bd6 13. Bxd6 Qxd6 14. O-O-O b5
15. Kb1 a5 16. g4 Qe7 17. Rdg1 Ne4 18. h4 Nxc3+ 19. Qxc3 Qf6 20. Ng5 Nf8 21. Qc2
g6 22. Nh3 Bd7 23. Nf4 Qd6 24. g5 Rac8 25. h5 c5 26. hxg6 fxg6 27. dxc5 Rxc5 28.
Qd2 d4 29. e4 b4 30. Nd5 Kg7 31. Nf6 Rec8 32. f4 Bb5 33. Bxb5 Rxb5 34. Qh2 Qc6
35. Nxh7 Qxe4+ 36. Ka1 Rbc5 37. Nxf8 Kxf8 38. Qh8+ Ke7 39. Qf6+ Ke8 40. Rh8+ Kd7
41. Rh7+ 1-0

[Event "57th World Juniors 2018"]
[Site "Manavgat TUR"]
[Date "2018.09.05"]
[Round "1.25"]
[White "Garidmagnai, Byambasuren"]
[Black "Repka, Christopher"]
[Result "1/2-1/2"]
[WhiteTitle "FM"]
[BlackTitle "GM"]
[WhiteElo "2287"]
[BlackElo "2523"]
[WhiteFideId "4902963"]
[BlackFideId "14918781"]
[EventDate "2018.09.05"]

1. Nf3 d5 2. b3 c5 3. e3 Nf6 4. Be2 Nc6 5. Bb2 Qc7 6. c4 e5 7. cxd5 Nxd5 8. O-O
Be7 9. d3 O-O 10. Nbd2 Be6 11. Rc1 Rad8 12. Qc2 f5 13. Qb1 f4 14. e4 Nb6 15. Qa1
Bd6 16. a3 Qe7 17. Nxe5 Bxe5 18. Bxe5 Bg4 19. Bxg4 Nxe5 20. Be2 Nxd3 21. Rc2 Ne5
22. Qc3 Nbd7 23. Nc4 Nc6 24. f3 Nd4 25. Rd2 b5 26. Nb2 Ne5 27. Rc1 b4 28. axb4
cxb4 29. Qxd4 Rxd4 30. Rxd4 Rd8 31. Rxd8+ Qxd8 32. Rd1 Qf6 33. Nc4 Nf7 34. Kf1
h6 35. Rd5 a6 36. e5 Qe6 37. Ra5 h5 38. Bd3 g5 39. Be4 Kf8 40. Bd5 Qf5 41. Be4
Qe6 42. Bd5 Qf5 43. Be4 Qd7 44. Ke2 Qe6 1/2-1/2

[Event "57th World Juniors 2018"]
[Site "Manavgat TUR"]
[Date "2018.09.05"]
[Round "1.26"]
[White "Yakubboev, Nodirbek"]
[Black "Cadilhac, Igor Tokuichi Kikuchi"]
[Result "1-0"]
[WhiteTitle "IM"]
[BlackTitle "FM"]
[WhiteElo "2521"]
[BlackElo "2286"]
[WhiteFideId "14203987"]
[BlackFideId "2132150"]
[EventDate "2018.09.05"]

1. c4 c5 2. Nf3 Nc6 3. b3 e5 4. Bb2 e4 5. Ng1 Nf6 6. Nc3 d5 7. cxd5 Nb4 8. e3
Nbxd5 9. Nxd5 Nxd5 10. Qc2 f5 11. a3 Be6 12. Bb5+ Kf7 13. Bc4 Be7 14. f3 Bf6 15.
fxe4 Bxb2 16. exd5 Bxa1 17. dxe6+ Ke7 18. Qxf5 Bf6 19. Ne2 Qd6 20. Nf4 Qe5 21.
Nd5+ Kd6 22. Qd3 Kxe6 23. Nb6+ 1-0

[Event "57th World Juniors 2018"]
[Site "Manavgat TUR"]
[Date "2018.09.05"]
[Round "1.27"]
[White "Gulbeyaz, Emir"]
[Black "Karthik, Venkataraman"]
[Result "0-1"]
[BlackTitle "IM"]
[WhiteElo "2285"]
[BlackElo "2519"]
[WhiteFideId "6377076"]
[BlackFideId "25006479"]
[EventDate "2018.09.05"]

1. e4 c5 2. Nf3 d6 3. d4 Nf6 4. Nc3 cxd4 5. Nxd4 a6 6. h3 e5 7. Nde2 h5 8. g3
Be6 9. Bg2 b5 10. Bg5 Nbd7 11. O-O Be7 12. Kh1 Rc8 13. f4 O-O 14. Nd5 Nxd5 15.
exd5 Bf5 16. Bxe7 Qxe7 17. Nc3 b4 18. Ne4 h4 19. g4 Bxe4 20. Bxe4 Nc5 21. Qe2
Rfe8 22. Bf5 Rc7 23. Rae1 Qd8 24. g5 Qa8 25. Qd2 g6 26. Bg4 exf4 27. Rxe8+ Qxe8
28. Qxf4 Qe4+ 29. Kg1 Qxf4 30. Rxf4 a5 31. Bf3 Nd7 32. Be4 Rc4 33. b3 Rd4 34.
Kf2 Nc5 35. Ke3 Rxe4+ 36. Rxe4 Nxe4 37. Kxe4 f6 38. Ke3 Kf7 39. Kd4 Ke7 40. c4
bxc3 41. Kxc3 Kd7 42. a3 Kc7 43. b4 axb4+ 44. axb4 Kb6 45. Kc4 Ka6 46. Kd4 Kb5
47. Kc3 0-1

[Event "57th World Juniors 2018"]
[Site "Manavgat TUR"]
[Date "2018.09.05"]
[Round "1.28"]
[White "Jarmula, Lukasz"]
[Black "Agdelen, Huseyin Can"]
[Result "1-0"]
[WhiteTitle "IM"]
[BlackTitle "FM"]
[WhiteElo "2504"]
[BlackElo "2280"]
[WhiteFideId "1160664"]
[BlackFideId "6352260"]
[EventDate "2018.09.05"]

1. e4 c5 2. Nf3 d6 3. Bb5+ Nd7 4. O-O a6 5. Bd3 Ngf6 6. Re1 g6 7. c4 Bg7 8. Nc3
O-O 9. Bc2 Ne5 10. Nxe5 dxe5 11. d3 Qd6 12. a3 Bd7 13. Rb1 b5 14. b4 Rac8 15.
Be3 cxb4 16. axb4 bxc4 17. Bc5 Rxc5 18. bxc5 Qxc5 19. dxc4 Qxc4 20. Nd5 Nxd5 21.
Bb3 Qc7 22. Qxd5 Be6 23. Qd3 Bxb3 24. Rec1 Rd8 25. Qxb3 Qa7 26. Rd1 Rxd1+ 27.
Qxd1 Qd4 28. Rb8+ Bf8 29. Qxd4 exd4 30. e5 e6 31. Rd8 a5 32. Rxd4 Kg7 33. Kf1 g5
34. h4 h6 35. h5 Bb4 36. Rc4 Ba3 37. g3 Bb4 38. Ke2 Be7 39. Kd3 Bb4 40. Ke2 Ba3
41. Kd3 Bb4 42. Ke3 Be1 43. Rc7 Kg8 44. Ra7 Kg7 45. Ra8 Bc3 46. f4 g4 47. Ke4
f5+ 48. exf6+ Kxf6 49. Rg8 a4 50. Ra8 Be1 51. Rxa4 Bxg3 52. Ra7 Bf2 53. Rh7 g3
54. Rxh6+ Kf7 55. Rg6 1-0

[Event "57th World Juniors 2018"]
[Site "Manavgat TUR"]
[Date "2018.09.05"]
[Round "1.29"]
[White "Amartuvshin, Ganzorig"]
[Black "Sanal, Vahap"]
[Result "1/2-1/2"]
[WhiteTitle "FM"]
[BlackTitle "GM"]
[WhiteElo "2280"]
[BlackElo "2502"]
[WhiteFideId "4902548"]
[BlackFideId "6300545"]
[EventDate "2018.09.05"]

1. d4 d5 2. c4 c6 3. Nc3 Nf6 4. e3 e6 5. Nf3 Nbd7 6. Bd3 dxc4 7. Bxc4 b5 8. Bd3
b4 9. Ne4 Bb7 10. O-O Be7 11. a3 a5 12. Qc2 O-O 13. Rd1 Nxe4 14. Bxe4 Nf6 15.
Bd3 c5 16. dxc5 Qc7 17. e4 Qxc5 18. Qe2 Qh5 19. Bf4 Rfd8 20. h3 Bc5 21. axb4
axb4 22. Bc7 Rxa1 23. Rxa1 Rc8 24. Be5 Nd7 25. Bf4 h6 26. Rc1 e5 27. Be3 Bxe3
28. Rxc8+ Bxc8 29. Qxe3 Qg6 30. Qc1 Ba6 31. Bxa6 Qxa6 32. Qc7 Qe6 33. Nh4 g6 34.
Nf3 Kg7 35. Nd2 f5 36. exf5 gxf5 37. Qb7 Qd6 38. Nc4 Qd1+ 39. Kh2 Qd4 40. Ne3
Kg6 41. Qc6+ Nf6 42. Qe6 Qe4 43. b3 h5 44. Kg1 Qb1+ 45. Kh2 Qe4 46. g3 f4 47.
Ng2 fxg3+ 48. Kxg3 Kg5 49. Kh2 Qf5 50. Qb6 Kh6 51. Kg1 Qb1+ 52. Kh2 Qf5 53. Qe3+
Kg7 54. Qa7+ Kg8 55. Qb8+ Kf7 56. Qb7+ Kg8 57. Qb8+ Kf7 58. Qc7+ Nd7 59. Qc4+
Ke8 60. Kg1 Qb1+ 61. Kh2 Qf5 62. Qxb4 Qxf2 63. Qe4 Qb2 64. Qf3 Ke7 65. Qxh5 Qxb3
66. Qg5+ Kd6 67. h4 Qf3 68. Qg3 Qe4 69. Qe3 Qh7 70. Qd2+ Ke6 71. Qa2+ Kf6 72.
Qa6+ Ke7 73. Qa3+ Ke6 74. Qh3+ Kd6 75. Ne3 1/2-1/2

[Event "57th World Juniors 2018"]
[Site "Manavgat TUR"]
[Date "2018.09.05"]
[Round "1.30"]
[White "Bellahcene, Bilel"]
[Black "Akdogan, Alperen"]
[Result "1-0"]
[WhiteTitle "GM"]
[BlackTitle "FM"]
[WhiteElo "2501"]
[BlackElo "2278"]
[WhiteFideId "696358"]
[BlackFideId "6347363"]
[EventDate "2018.09.05"]

1. e4 d5 2. exd5 Qxd5 3. Nf3 Bg4 4. Be2 Nc6 5. O-O O-O-O 6. h3 Bh5 7. Nc3 Qd7 8.
b4 Nf6 9. b5 Bxf3 10. Bxf3 Nd4 11. d3 e6 12. a4 Bb4 13. Bb2 Rhe8 14. a5 Bxc3 15.
Bxc3 Nxf3+ 16. Qxf3 Qd5 17. Qe3 Kb8 18. b6 cxb6 19. axb6 a6 20. Ra5 Qc6 21. Be5+
Ka8 22. Rfa1 Rd7 23. Rc5 Nd5 24. Rxc6 Nxe3 25. fxe3 Rd5 26. Bc7 1-0

[Event "57th World Juniors 2018"]
[Site "Manavgat TUR"]
[Date "2018.09.05"]
[Round "1.31"]
[White "Vanczak, Tamas"]
[Black "Thybo, Jesper Sondergaard"]
[Result "1/2-1/2"]
[WhiteTitle "FM"]
[BlackTitle "IM"]
[WhiteElo "2276"]
[BlackElo "2499"]
[WhiteFideId "759929"]
[BlackFideId "1438832"]
[EventDate "2018.09.05"]

1. d4 Nf6 2. Nf3 g6 3. Bg5 Bg7 4. Nbd2 O-O 5. e4 d6 6. Be2 c6 7. a4 a5 8. h3 Qc7
9. O-O e5 10. dxe5 dxe5 11. c3 Re8 12. Re1 Nbd7 13. Be3 Bf8 14. Qc2 Bc5 15. Bc4
Bxe3 16. fxe3 Nb6 17. Bb3 c5 18. c4 Be6 19. Rad1 Rad8 20. Nb1 Qc6 21. Nfd2 Nc8
22. Nc3 Qc7 23. Nd5 Bxd5 24. cxd5 Nd6 25. Rf1 Kg7 26. Rc1 Rc8 27. Bc4 h5 28. b3
Rh8 29. Rf2 h4 30. Be2 b6 31. Rcf1 Nh7 32. Nc4 Ng5 33. Nxe5 Rce8 34. Qb2 Kg8 35.
Ng4 Ngxe4 36. Bd3 Rh7 37. Bxe4 Nxe4 38. Rxf7 Qxf7 39. Rxf7 Kxf7 40. Ne5+ Kf6 41.
Nd3+ Kf7 42. Nf4 Nf6 43. Qc2 Re4 44. d6 Rh8 45. Nd5 Re6 46. Nxf6 Rxf6 47. Qc4+
Re6 48. Qf4+ Ke8 49. e4 Rh5 50. d7+ Kxd7 51. Qf7+ Kd6 52. Qb7 Ke5 53. Qd5+ Kf6
54. Qd8+ Kf7 55. Qc7+ Kf8 56. Qd8+ Kg7 57. Qd7+ Kf6 58. Qd8+ Kf7 59. Qc7+ Kf6 1/2-1/2

[Event "57th World Juniors 2018"]
[Site "Manavgat TUR"]
[Date "2018.09.05"]
[Round "1.32"]
[White "Priasmoro, Novendra"]
[Black "Zhao, Chenxi"]
[Result "0-1"]
[WhiteTitle "FM"]
[WhiteElo "2498"]
[BlackElo "2275"]
[WhiteFideId "7105029"]
[BlackFideId "8611513"]
[EventDate "2018.09.05"]

1. e4 e5 2. Nf3 Nc6 3. Bb5 a6 4. Bxc6 dxc6 5. O-O Bg4 6. h3 Bxf3 7. Qxf3 Qf6 8.
Qg3 Bd6 9. d4 Qg6 10. Qxg6 hxg6 11. dxe5 Bxe5 12. Nd2 Bd4 13. Nf3 Bb6 14. Bf4
Nf6 15. Rfe1 Nd7 16. Rad1 Nf8 17. Ne5 Ne6 18. Bg3 Rh5 19. Nc4 Ba7 20. c3 f6 21.
Kf1 Ke7 22. Rd2 Rc5 23. Ne3 Rd8 24. Rxd8 Kxd8 25. f3 Ra5 26. a3 Bxe3 27. Rxe3 c5
28. Rd3+ Ke7 29. Rd5 c6 30. Bd6+ Ke8 31. Rd2 c4 32. Kf2 Rh5 33. Ke3 Rh8 34. f4
f5 35. exf5 gxf5 36. Kf3 Kf7 37. Bc7 Ke7 38. Re2 Kf7 39. Bb6 Rh4 40. Be3 Rh8 41.
Bb6 Rh4 42. Kg3 Rh8 43. Re5 Kf6 44. Ra5 Rc8 45. Bc5 Rd8 46. Be3 Rd1 47. Kf3 Rf1+
48. Ke2 Rb1 49. g4 Rxb2+ 50. Kf3 g6 51. Bf2 c5 52. gxf5 gxf5 53. h4 Rb3 54. Be1
Kg6 55. Ke3 Kh5 56. Kf3 Rb1 57. Bf2 Rb5 58. Rxb5 axb5 59. Kg3 b6 60. Kf3 Nc7 61.
Bg3 Nd5 62. Be1 b4 63. axb4 cxb4 64. cxb4 b5 65. Bf2 Nxb4 66. Bc5 Nd5 0-1

[Event "57th World Juniors 2018"]
[Site "Manavgat TUR"]
[Date "2018.09.05"]
[Round "1.33"]
[White "Yaran, Siar"]
[Black "Asadli, Vugar"]
[Result "0-1"]
[WhiteTitle "CM"]
[BlackTitle "IM"]
[WhiteElo "2271"]
[BlackElo "2492"]
[WhiteFideId "6323006"]
[BlackFideId "13405764"]
[EventDate "2018.09.05"]

1. c4 g6 2. Nc3 Bg7 3. g3 d6 4. Bg2 Nf6 5. Nf3 O-O 6. O-O Nc6 7. Rb1 Bf5 8. d3
a5 9. a3 Qd7 10. b4 axb4 11. axb4 Bh3 12. b5 Nd8 13. Bb2 e5 14. Ra1 Rb8 15. Ra7
Bxg2 16. Kxg2 Ne6 17. Qa1 Nh5 18. Nd5 f5 19. Nd2 Bh6 20. e3 f4 21. Ne4 Ng5 22.
Nxg5 Bxg5 23. h3 Rf7 24. Rxb7 Rxb7 25. Qa8+ Kg7 26. Qxb7 fxe3 27. Nxe3 Bxe3 28.
fxe3 Rxf1 29. Kxf1 Qxh3+ 30. Ke1 Qh2 31. Bc3 Nxg3 32. Qf3 Nf5 33. Ba5 Qc2 34.
Qe2 Qb1+ 35. Kf2 h5 36. Bxc7 h4 37. Qf1 Qb3 38. b6 Ng3 39. Qe1 Kh6 40. e4 g5 41.
c5 Qc2+ 42. Kf3 Qxd3+ 43. Kg4 Nxe4 44. Bd8 Kg6 0-1

[Event "57th World Juniors 2018"]
[Site "Manavgat TUR"]
[Date "2018.09.05"]
[Round "1.34"]
[White "Lorparizangeneh, Shahin"]
[Black "Kilic, Efe Mert"]
[Result "1-0"]
[WhiteTitle "GM"]
[BlackTitle "FM"]
[WhiteElo "2491"]
[BlackElo "2269"]
[WhiteFideId "12521604"]
[BlackFideId "6354327"]
[EventDate "2018.09.05"]

1. Nf3 g6 2. d4 Bg7 3. e4 d6 4. Nc3 Nf6 5. Be2 O-O 6. O-O Bg4 7. Be3 Nc6 8. d5
Bxf3 9. Bxf3 Ne5 10. Be2 c6 11. f4 Ned7 12. dxc6 bxc6 13. g4 Qa5 14. g5 Ne8 15.
a3 Bxc3 16. bxc3 Nc7 17. Qd4 Rfb8 18. Qb4 Rxb4 19. axb4 Qxa1 20. Rxa1 a6 21. h4
Kf8 22. Kf2 e6 23. f5 Ke7 24. f6+ Kd8 25. h5 Kc8 26. Rh1 Kb7 27. hxg6 hxg6 28.
Rh7 Rf8 29. Bf4 e5 30. Be3 Nb6 31. c4 Na4 32. c5 d5 33. Bd2 a5 34. c3 Nb2 35.
Bc1 Na4 36. Bd2 Nb2 37. bxa5 Na4 38. exd5 cxd5 39. c4 Nxc5 40. cxd5 Nxd5 41. Bc4
Kc6 42. a6 Ne4+ 43. Ke2 Nxd2 44. Kxd2 Kc5 45. Bb3 Kd4 46. a7 e4 47. Bxd5 Kxd5
48. Rxf7 Rh8 49. Rh7 Re8 50. Re7 Rh8 51. f7 Rh2+ 52. Kc3 Rh3+ 53. Kb4 1-0

[Event "57th World Juniors 2018"]
[Site "Manavgat TUR"]
[Date "2018.09.05"]
[Round "1.35"]
[White "Lee, Jun Hyeok"]
[Black "Sadikhov, Ulvi"]
[Result "0-1"]
[WhiteTitle "FM"]
[BlackTitle "IM"]
[WhiteElo "2263"]
[BlackElo "2491"]
[WhiteFideId "13202340"]
[BlackFideId "13401416"]
[EventDate "2018.09.05"]

1. Nf3 c5 2. g3 Nc6 3. Bg2 g6 4. c3 e5 5. O-O Bg7 6. d3 Nge7 7. a3 d6 8. b4 a6
9. e4 O-O 10. Nbd2 h6 11. Bb2 f5 12. a4 Be6 13. b5 Na5 14. Qe2 Qd7 15. c4 f4 16.
Bc3 b6 17. Rfb1 g5 18. Qd1 Ng6 19. Ne1 Qf7 20. Nc2 g4 21. Qe1 Nb7 22. a5 bxa5
23. b6 h5 24. Nb3 h4 25. Nxa5 Nxa5 26. Rxa5 Bc8 27. Ra2 Rb8 28. Rab2 Bf6 29. b7
Rxb7 30. Rxb7 Bxb7 31. Rb6 Qd7 32. Qb1 Bc8 33. Qd1 Bg5 34. gxf4 Nxf4 35. Ne3 Qf7
36. Rb2 Nh3+ 37. Bxh3 gxh3 38. Nf5 Bxf5 39. exf5 Qxf5 40. Qh5 Bc1 41. Qxf5 Rxf5
42. Rb8+ Kf7 43. Rb7+ Kf6 44. Rh7 Rf3 45. Rxh4 Rxd3 46. Be1 a5 47. f4 a4 0-1

[Event "57th World Juniors 2018"]
[Site "Manavgat TUR"]
[Date "2018.09.05"]
[Round "1.36"]
[White "Tang, Andrew"]
[Black "Kara, Yanki"]
[Result "1-0"]
[WhiteTitle "GM"]
[WhiteElo "2489"]
[BlackElo "2262"]
[WhiteFideId "2059630"]
[BlackFideId "6370306"]
[EventDate "2018.09.05"]

1. d4 g6 2. c4 Bg7 3. Nc3 d6 4. e4 Nf6 5. f3 O-O 6. Nge2 c5 7. d5 e6 8. Ng3 exd5
9. cxd5 Nbd7 10. Be2 a6 11. a4 Qc7 12. Be3 Rb8 13. O-O b6 14. Qd2 Re8 15. Nh1 c4
16. Rac1 b5 17. axb5 axb5 18. b4 Rb7 19. Nf2 Nf8 20. f4 Bd7 21. Bf3 Rd8 22. Bd4
Ne8 23. Rfe1 Bxd4 24. Qxd4 Qb6 25. Ne2 Ra8 26. e5 Ra2 27. e6 fxe6 28. dxe6 Nxe6
29. Qe4 Rb8 30. f5 gxf5 31. Qxf5 N8g7 32. Qb1 Rd2 33. Rcd1 Rxd1 34. Qxd1 Rf8 35.
Qd2 Bc6 36. Qxd6 Rc8 37. Bd5 Rd8 38. Qxc6 1-0

[Event "57th World Juniors 2018"]
[Site "Manavgat TUR"]
[Date "2018.09.05"]
[Round "1.37"]
[White "Nogerbek, Kazybek"]
[Black "Kevlishvili, Robby"]
[Result "1/2-1/2"]
[WhiteTitle "FM"]
[BlackTitle "IM"]
[WhiteElo "2261"]
[BlackElo "2485"]
[WhiteFideId "13710427"]
[BlackFideId "1040634"]
[EventDate "2018.09.05"]

1. e4 e5 2. Nf3 Nc6 3. Bb5 a6 4. Ba4 Nf6 5. O-O Be7 6. Re1 b5 7. Bb3 d6 8. c3
O-O 9. h3 Nb8 10. d4 Nbd7 11. Nbd2 Bb7 12. Bc2 Re8 13. Nf1 Bf8 14. Ng3 g6 15. a4
Nb6 16. dxe5 dxe5 17. Qxd8 Raxd8 18. axb5 axb5 19. Bg5 Kg7 20. b3 h6 21. Be3 Nc8
22. Ra5 Nd6 23. Bc5 Ra8 24. Rxa8 Bxa8 25. Nd2 Nd7 26. Be3 b4 27. cxb4 Nb5 28.
Bd3 c6 29. Ne2 Bxb4 30. Rc1 Rb8 31. f3 c5 32. Bxb5 Rxb5 33. Nc4 Bc6 34. Rd1 Rb8
35. Nc1 Bc3 36. Rd6 Rc8 37. Ne2 Bd4 38. Nxd4 cxd4 39. Nxe5 dxe3 40. Rxc6 Ra8 41.
Nd3 Ne5 42. Nxe5 Ra1+ 43. Kh2 e2 44. Nd3 Rd1 45. Rc2 Rxd3 46. Rxe2 Rxb3 47. Ra2
Rc3 48. Kg3 Rb3 49. Kf4 h5 50. h4 Rb4 51. Rd2 Ra4 52. Ke3 Ra3+ 53. Rd3 Ra2 54.
g3 Ra5 55. Rd4 Kf6 56. Kf4 Rb5 57. Rd6+ Kg7 58. e5 Rb4+ 59. Ke3 Rb3+ 60. Ke4
Rb4+ 61. Rd4 Rb7 62. Rc4 Ra7 63. Kf4 Rb7 64. g4 hxg4 65. fxg4 Ra7 66. h5 Kh6 67.
Rd4 Ra1 1/2-1/2

[Event "57th World Juniors 2018"]
[Site "Manavgat TUR"]
[Date "2018.09.05"]
[Round "1.38"]
[White "Sindarov, Javokhir"]
[Black "Wong, Yinn Long"]
[Result "1-0"]
[WhiteTitle "IM"]
[BlackTitle "FM"]
[WhiteElo "2484"]
[BlackElo "2261"]
[WhiteFideId "14205483"]
[BlackFideId "5707684"]
[EventDate "2018.09.05"]

1. e4 c5 2. Nc3 g6 3. Nf3 Bg7 4. d4 cxd4 5. Nxd4 Nc6 6. Be3 Nf6 7. Nxc6 bxc6 8.
e5 Ng8 9. Bd4 f6 10. f4 Qa5 11. Qd2 fxe5 12. fxe5 c5 13. Bf2 Bxe5 14. Bc4 Nf6
15. O-O Ba6 16. Bxa6 Qxa6 17. Rae1 Qd6 18. Qe2 Bxc3 19. bxc3 O-O 20. Qxe7 Qxe7
21. Rxe7 Rac8 22. Bh4 Rc6 23. Rd1 Rf7 24. Re5 Kg7 25. h3 h6 26. c4 Ra6 27. Rxc5
Rxa2 28. Bg3 Rxc2 29. Be5 g5 30. Rd6 Kg6 31. Bd4 Re2 32. Be5 Rc2 33. g4 Re2 34.
Rcd5 Kg7 35. Bd4 Re1+ 36. Kg2 Kg6 37. Re5 Rd1 38. Rf5 Rd2+ 39. Kf3 Rd3+ 40. Ke2
Rxd4 41. Rxd4 Re7+ 42. Kf3 Re6 43. Ra5 Rb6 44. Rxa7 Rb3+ 45. Ke2 Rxh3 46. Ra6
Rh2+ 47. Kf3 Rh3+ 48. Kg2 Rh4 49. Kg3 Kf7 50. Kf3 h5 51. Rdd6 hxg4+ 52. Kg2 Rh6
53. c5 Kg7 54. Ra7 Kf8 55. Rb6 Ke8 56. c6 1-0

[Event "57th World Juniors 2018"]
[Site "Manavgat TUR"]
[Date "2018.09.05"]
[Round "1.39"]
[White "Noboa, Kevin"]
[Black "Sargsyan, Shant"]
[Result "0-1"]
[WhiteTitle "FM"]
[BlackTitle "IM"]
[WhiteElo "2256"]
[BlackElo "2477"]
[WhiteFideId "3618471"]
[BlackFideId "13306766"]
[EventDate "2018.09.05"]

1. e4 e5 2. Nf3 Nc6 3. d4 exd4 4. Nxd4 Bc5 5. Nb3 Bb6 6. Qe2 a5 7. Nc3 d6 8. a4
Nb4 9. Nd5 Nxd5 10. exd5+ Ne7 11. Bg5 h6 12. Bxe7 Qxe7 13. Qxe7+ Kxe7 14. Bb5
Bd7 15. Bxd7 Kxd7 16. O-O c6 17. Rad1 Rhe8 18. dxc6+ bxc6 19. c4 Re5 20. Nc1
Rae8 21. Nd3 Re4 22. c5 Ba7 23. cxd6 Rxa4 24. b3 Rd4 25. Nb2 Rb8 26. Nc4 Rxb3
27. Rc1 Rb5 28. Rfe1 Bc5 29. Re7+ Kd8 30. Ne5 Rxd6 31. Rxf7 Ba3 32. Nc4 Bxc1 33.
Nxd6 Rd5 34. g3 Rxd6 35. Rxg7 a4 36. Ra7 a3 37. h4 c5 0-1

[Event "57th World Juniors 2018"]
[Site "Manavgat TUR"]
[Date "2018.09.05"]
[Round "1.40"]
[White "Harsha, Bharathakoti"]
[Black "Tuna, Alp"]
[Result "1-0"]
[WhiteTitle "IM"]
[BlackTitle "FM"]
[WhiteElo "2474"]
[BlackElo "2253"]
[WhiteFideId "5078776"]
[BlackFideId "6372910"]
[EventDate "2018.09.05"]

1. c4 c6 2. Nc3 d5 3. e3 e5 4. d4 exd4 5. Qxd4 Nf6 6. Nf3 Be7 7. cxd5 cxd5 8.
Bb5+ Nc6 9. Qa4 Bd7 10. O-O a6 11. Be2 b5 12. Qd1 Be6 13. b3 O-O 14. Bb2 Qb6 15.
Bd3 Rad8 16. Ne2 Ne4 17. Rc1 Rc8 18. Nf4 Rfd8 19. Nxe6 fxe6 20. Bxe4 dxe4 21.
Nd2 e5 22. Qg4 Qb7 23. Nxe4 Bf8 24. Qe6+ Kh8 25. Ng5 Rd7 26. Rfd1 Rcd8 27. Rxd7
Rxd7 28. Qf5 1-0

[Event "57th World Juniors 2018"]
[Site "Manavgat TUR"]
[Date "2018.09.05"]
[Round "1.42"]
[White "Gavrilescu, David"]
[Black "Nalbant, Tuna Onat"]
[Result "1-0"]
[WhiteTitle "FM"]
[BlackTitle "FM"]
[WhiteElo "2470"]
[BlackElo "2241"]
[WhiteFideId "1227190"]
[BlackFideId "6372821"]
[EventDate "2018.09.05"]

1. e4 c5 2. Nf3 d6 3. Bb5+ Nd7 4. c3 Nf6 5. Bd3 e6 6. Bc2 Be7 7. d4 Qc7 8. O-O
O-O 9. Re1 b6 10. a4 a6 11. Na3 Bb7 12. Qe2 cxd4 13. cxd4 Rfc8 14. Bd3 d5 15. e5
Ne4 16. Nd2 Nxd2 17. Bxd2 Nf8 18. Nc2 b5 19. a5 Qd8 20. Qh5 Bc6 21. Re3 f5 22.
exf6 Bxf6 23. Rh3 g6 24. Qe2 Qd7 25. Re1 Re8 26. Ne3 Bg7 27. Ng4 Qd6 28. Bh6 Ra7
29. Qe3 Qd8 30. Bxg7 Rxg7 31. Qe5 Ree7 32. Rf3 Nd7 33. Nh6+ Kh8 34. Qd6 Bb7 35.
Rxe6 Qe8 36. Rfe3 Rxe6 37. Rxe6 Qc8 38. Qf4 Nb8 39. Qe5 Bc6 40. Re7 Qf8 41. Rf7 1-0

[Event "57th World Juniors 2018"]
[Site "Manavgat TUR"]
[Date "2018.09.05"]
[Round "1.43"]
[White "Thilakarathne, G M H"]
[Black "Barseghyan, Harutyun"]
[Result "0-1"]
[WhiteTitle "FM"]
[BlackTitle "IM"]
[WhiteElo "2238"]
[BlackElo "2466"]
[WhiteFideId "9912053"]
[BlackFideId "13304585"]
[EventDate "2018.09.05"]

1. e4 c5 2. Nf3 e6 3. d4 cxd4 4. Nxd4 a6 5. c4 Nf6 6. Nc3 Qc7 7. a3 d6 8. Be2 b6
9. Be3 Bb7 10. f3 Be7 11. O-O O-O 12. Rc1 Nbd7 13. b4 Rfc8 14. Qd2 Qd8 15. Nb3
Rab8 16. Rfd1 Qe8 17. Bf4 Rd8 18. c5 bxc5 19. bxc5 Nxc5 20. Nxc5 dxc5 21. Qb2
Bd5 22. Bxb8 Rxb8 23. Bb5 axb5 24. exd5 b4 25. Ne4 Nxd5 26. axb4 cxb4 27. Qb3 h6
28. Rc4 Qd7 29. Kh1 Qb7 30. Rdc1 g6 31. h3 Kh7 32. Nc5 Qb5 33. Ne4 Qa6 34. h4
Qa3 35. Nd2 Kg7 36. h5 Qxb3 37. Nxb3 gxh5 38. Rc8 Rb7 39. Ra1 h4 40. Raa8 Bd6
41. Rg8+ Kf6 42. Kg1 Ne7 43. Rgd8 Bc7 44. Rh8 Bf4 45. Kf1 Rc7 46. Rab8 Rc4 47.
Rb7 Nd5 48. Rf8 Ke5 49. Rfxf7 Rc3 50. Na5 Rc2 51. Rb5 Bg3 52. Rfb7 Kf6 53. Rxd5
exd5 54. Rxb4 Rf2+ 55. Kg1 Ra2 56. Nb3 Re2 57. Rb6+ Kg5 58. f4+ Kh5 59. Nd2 Rxd2
60. Kf1 Bxf4 0-1

[Event "57th World Juniors 2018"]
[Site "Manavgat TUR"]
[Date "2018.09.05"]
[Round "1.44"]
[White "Haldorsen, Benjamin"]
[Black "Yilmaz, Goktan"]
[Result "1-0"]
[WhiteTitle "FM"]
[BlackTitle "CM"]
[WhiteElo "2461"]
[BlackElo "2237"]
[WhiteFideId "1512633"]
[BlackFideId "6354904"]
[EventDate "2018.09.05"]

1. e4 e5 2. Nf3 Nc6 3. Bc4 Nf6 4. d3 Be7 5. O-O O-O 6. Re1 d6 7. a4 Kh8 8. h3
Ng8 9. Nc3 f5 10. Nd5 Nf6 11. Ng5 Ng8 12. Qh5 Bxg5 13. Bxg5 Qd7 14. c3 f4 15. d4
g6 16. Qh4 Qg7 17. dxe5 dxe5 18. b4 Be6 19. a5 a6 20. Red1 Na7 21. Nb6 Rae8 22.
Bxe6 Rxe6 23. Nd7 Rf7 24. Nc5 Rc6 25. Rd8 Rd6 26. Rxd6 cxd6 27. Ne6 1-0

[Event "57th World Juniors 2018"]
[Site "Manavgat TUR"]
[Date "2018.09.05"]
[Round "1.45"]
[White "Samani, Yamac"]
[Black "Lodici, Lorenzo"]
[Result "1/2-1/2"]
[WhiteTitle "FM"]
[BlackTitle "IM"]
[WhiteElo "2226"]
[BlackElo "2458"]
[WhiteFideId "6352634"]
[BlackFideId "884189"]
[EventDate "2018.09.05"]

1. e4 e5 2. Nf3 Nc6 3. Bc4 Nf6 4. d3 Bc5 5. c3 d6 6. Bb3 a6 7. h3 Ba7 8. Nbd2 d5
9. Qe2 O-O 10. Nf1 dxe4 11. dxe4 Nd7 12. Be3 Na5 13. Bc2 b5 14. a4 c6 15. Bxa7
Rxa7 16. Ne3 Re8 17. O-O Nf6 18. b4 Nb7 19. Rfd1 Nd6 20. axb5 cxb5 21. c4 Rd7
22. c5 Ndxe4 23. Rxd7 Qxd7 24. Bb3 Bb7 25. Qc2 g6 26. Rd1 Qc7 27. Nd5 Bxd5 28.
Bxd5 Rd8 29. Bxe4 Rxd1+ 30. Qxd1 Nxe4 31. Qd5 Nf6 32. Qa8+ Kg7 33. Qxa6 e4 34.
Nd4 Qe5 35. Qd6 Qxd6 36. cxd6 Kf8 37. Nxb5 Nd5 38. Kf1 Nxb4 39. Ke2 Ke8 40. Ke3
Kd7 41. Kxe4 Kc6 42. Ke5 Kxb5 43. d7 Nc6+ 44. Kf6 Kb6 45. Kxf7 Kc7 46. Kg7 Kxd7
47. Kxh7 Ne7 48. h4 Ke6 49. Kg7 Nf5+ 50. Kxg6 Nxh4+ 51. Kg5 Nxg2 1/2-1/2